[Event "Olomouc Seniors op 19th"]
[Site "Olomouc"]
[Date "2016.08.18"]
[Round "7"]
[White "Fiala, Jiri"]
[Black "Vorobyov, Yurij"]
[Result "0-1"]
[WhiteElo "1893"]
[BlackElo "2160"]
[PlyCount "41"]
[EventDate "2016.08.13"]
[EventType "swiss"]
[EventRounds "9"]
[EventCountry "CZE"]
[SourceTitle "CBM 174 Extra"]
[Source "ChessBase"]
[SourceDate "2016.10.10"]
[SourceVersion "1"]
[SourceVersionDate "2016.10.10"]
[SourceQuality "1"]

1. d4 Nf6 2. c4 c5 3. d5 b5 4. cxb5 a6 5. b6 Qxb6 6. Nc3 d6 7. e4 g6 8. Nf3 Bg7 9. Be2 0-0 10. 0-0 Bg4 11. h3 Bxf3 12. Bxf3 Nbd7 13. Qc2 h6 14. Be3 Ne8 15. Rac1 a5 16. a3 Nc7 17. Na4 Qb7 18. Qd2 Kh7 19. Be2 Nb5 20. f4 Nd4 21. Bd3 0-1

[Event "CZE-chT2E 1516"]
[Site "Czech Republic"]
[Date "2015.10.18"]
[Round "1.8"]
[White "Fiala, Jiri"]
[Black "Svizensky, Lubos"]
[Result "1/2-1/2"]
[WhiteElo "1926"]
[BlackElo "1999"]
[PlyCount "39"]
[EventDate "2015.10.18"]
[EventType "team-tourn"]
[EventRounds "11"]
[EventCountry "CZE"]
[SourceTitle "EXT 2022"]
[Source "ChessBase"]
[SourceDate "2021.10.06"]
[SourceVersion "1"]
[SourceVersionDate "2021.10.06"]
[SourceQuality "1"]
[WhiteTeam "Prostejov"]
[BlackTeam "Dalesice Pivovar"]
[WhiteTeamCountry "CZE"]
[BlackTeamCountry "CZE"]

1. d4 Nf6 2. Nf3 d5 3. Bf4 c5 4. e3 Nc6 5. c3 Qb6 6. Qc1 Bf5 7. Nbd2 h6 8. h3 e6 9. Be2 Be7 10. 0-0 0-0 11. Ne5 Nxe5 12. Bxe5 Rac8 13. Nf3 c4 14. Nd2 Qc6 15. Bh2 b5 16. a3 a5 17. g4 Bh7 18. Nf3 Nd7 19. Ne5 Nxe5 20. Bxe5 1/2-1/2

[Event "Olomouc Seniors op 18th"]
[Site "Olomouc"]
[Date "2015.08.20"]
[Round "7"]
[White "Kearsley, Raymond J"]
[Black "Fiala, Jiri"]
[Result "0-1"]
[WhiteElo "1730"]
[BlackElo "1922"]
[PlyCount "92"]
[EventDate "2015.08.15"]
[EventType "swiss"]
[EventRounds "9"]
[EventCountry "CZE"]
[SourceTitle "EXT 2016"]
[Source "ChessBase"]
[SourceDate "2015.10.08"]
[SourceVersion "1"]
[SourceVersionDate "2015.10.08"]
[SourceQuality "1"]

1. e4 c5 2. Nf3 e6 3. c3 d5 4. exd5 Qxd5 5. d4 Nf6 6. c4 Qd8 7. Nc3 cxd4 8. Nxd4 a6 9. Be2 Be7 10. 0-0 0-0 11. Be3 Nbd7 12. Qc2 Qc7 13. a3 Bd6 14. g3 b6 15. Bf3 Bb7 16. Bxb7 Qxb7 17. Rad1 Be7 18. Qe2 Rac8 19. Rfe1 Rfe8 20. Bc1 Bf8 21. b3 b5 22. Bb2 bxc4 23. bxc4 Qc7 24. Ne4 Qxc4 25. Nxf6+ Nxf6 26. Qe5 Qd5 27. Qe2 Qb7 28. Rc1 Rxc1 29. Rxc1 Rb8 30. Rc2 Rc8 31. Rd2 Ra8 32. Nf3 Qe7 33. Ne5 Qb7 34. Rc2 Rc8 35. Rd2 a5 36. Nc4 Qb5 37. Rc2 a4 38. Qd3 Qd5 39. Qe2 Qe4 40. Qxe4 Nxe4 41. Ne3 Rxc2 42. Nxc2 Bc5 43. Nd4 Nd2 44. Nc2 Ne4 45. Nd4 e5 46. f3 Nd2 0-1

[Event "Olomouc Seniors op 18th"]
[Site "Olomouc"]
[Date "2015.08.16"]
[Round "3"]
[White "Vik, Joergen"]
[Black "Fiala, Jiri"]
[Result "1/2-1/2"]
[WhiteElo "1881"]
[BlackElo "1922"]
[PlyCount "96"]
[EventDate "2015.08.15"]
[EventType "swiss"]
[EventRounds "9"]
[EventCountry "CZE"]
[SourceTitle "EXT 2016"]
[Source "ChessBase"]
[SourceDate "2015.10.08"]
[SourceVersion "1"]
[SourceVersionDate "2015.10.08"]
[SourceQuality "1"]

1. d4 Nf6 2. Nf3 b6 3. c4 e6 4. Nc3 Bb7 5. e3 Bb4 6. Bd2 Bxc3 7. Bxc3 Ne4 8. Rc1 f5 9. Be2 0-0 10. 0-0 d6 11. Be1 a5 12. Nd2 Nd7 13. Nxe4 fxe4 14. Qc2 c5 15. Bc3 Qe7 16. dxc5 Nxc5 17. Bd4 Rac8 18. Qd2 e5 19. Bxc5 dxc5 20. Qc2 Rcd8 21. Rcd1 Qf6 22. Rxd8 Rxd8 23. Rd1 g6 24. Rd2 Kg7 25. Qd1 Rxd2 26. Qxd2 Qe7 27. g3 Kf7 28. Bf1 g5 29. Bg2 Qc7 30. Qe2 h6 31. Qg4 Kg7 32. Bxe4 Bxe4 33. Qxe4 Qd6 34. Kg2 h5 35. Qd5 Qf6 36. f3 Kh6 37. h3 Kg6 38. e4 Kh6 39. Qd7 Kg6 40. Kf2 Kh6 41. Ke2 h4 42. g4 Qf4 43. Qf5 Qh2+ 44. Kd3 Qxb2 45. Qf6+ Kh7 46. Qf7+ Kh8 47. Qh5+ Kg8 48. Qxg5+ Kf8 1/2-1/2

[Event "Olomouc op Seniors"]
[Site "Olomouc"]
[Date "2011.08.08"]
[Round "6"]
[White "Golcman, Evgeny"]
[Black "Fiala, Jiri"]
[Result "1-0"]
[WhiteElo "2291"]
[BlackElo "2015"]
[PlyCount "93"]
[EventDate "2011.08.04"]
[EventType "swiss"]
[EventRounds "9"]
[EventCountry "CZE"]
[SourceTitle "EXT 2012"]
[Source "ChessBase"]
[SourceDate "2011.11.24"]
[SourceVersion "1"]
[SourceVersionDate "2011.11.24"]
[SourceQuality "1"]

1. c4 c5 2. Nc3 Nc6 3. Nf3 g6 4. g3 Bg7 5. Bg2 e6 6. d3 Nge7 7. 0-0 0-0 8. Bd2 h6 9. a3 a6 10. Rb1 a5 11. Qc1 Kh7 12. Ne1 d6 13. b3 e5 14. Nc2 Rb8 15. b4 b6 16. Nd5 axb4 17. axb4 Be6 18. e3 Bf5 19. Rb3 Nxd5 20. Bxd5 Ne7 21. Bg2 Qd7 22. Qb1 Nc8 23. Na3 Bh3 24. Bxh3 Qxh3 25. Qd1 Qd7 26. Qf3 f5 27. bxc5 dxc5 28. Qd5 Rd8 29. Qxd7 Rxd7 30. Rd1 Ra8 31. Kf1 Ne7 32. Bc1 e4 33. Ke2 Rad8 34. Rxb6 exd3+ 35. Kd2 g5 36. Rb5 Ng6 37. f4 gxf4 38. gxf4 Nh4 39. Rf1 Ra8 40. Rb3 Rad8 41. Nb1 Ng2 42. Ba3 Bf8 43. Nc3 Nxe3 44. Kxe3 d2 45. Nd5 Rxd5 46. cxd5 Rxd5 47. Rb6 1-0

[Event "CZE-chT2e 0607"]
[Site "Czech Republic"]
[Date "2007.02.25"]
[Round "8.8"]
[White "Sveda, Jiri"]
[Black "Fiala, Jiri"]
[Result "0-1"]
[WhiteElo "1929"]
[BlackElo "2092"]
[PlyCount "58"]
[EventDate "2006.10.15"]
[EventType "team"]
[EventRounds "11"]
[EventCountry "CZE"]
[SourceTitle "EXT 2009"]
[Source "ChessBase"]
[SourceDate "2008.11.26"]
[SourceVersion "1"]
[SourceVersionDate "2008.11.26"]
[SourceQuality "1"]

1. e4 c5 2. Nf3 e6 3. Qe2 Nc6 4. g3 g6 5. Bg2 Bg7 6. c3 Nge7 7. 0-0 0-0 8. Re1 d5 9. d3 d4 10. e5 Nf5 11. Bg5 Qc7 12. g4 Nfe7 13. Nbd2 h6 14. Bh4 dxc3 15. bxc3 Nd5 16. Rac1 Nf4 17. Qe4 Nxg2 18. Kxg2 b6 19. g5 h5 20. Kg1 Bb7 21. Qf4 Ne7 22. Ne4 Nf5 23. Bg3 Rad8 24. Rcd1 Qc6 25. Rd2 Kh8 26. Red1 c4 27. Kg2 cxd3 28. Nd6 Rxd6 29. exd6 e5 0-1

[Event "CZE-chT2e 0607"]
[Site "Czech Republic"]
[Date "2006.11.19"]
[Round "3.7"]
[White "Fiala, Jiri"]
[Black "Fuchs, Ludek"]
[Result "1-0"]
[WhiteElo "2092"]
[BlackElo "2098"]
[PlyCount "145"]
[EventDate "2006.10.15"]
[EventType "team"]
[EventRounds "11"]
[EventCountry "CZE"]
[SourceTitle "EXT 2009"]
[Source "ChessBase"]
[SourceDate "2008.11.26"]
[SourceVersion "1"]
[SourceVersionDate "2008.11.26"]
[SourceQuality "1"]

1. d4 d5 2. Nf3 Nf6 3. Bf4 Bf5 4. e3 Nbd7 5. Bd3 e6 6. Bxf5 exf5 7. Qd3 Ne4 8. h4 f6 9. Qb5 Bd6 10. Bxd6 Nxd6 11. Qxd5 Qe7 12. Nbd2 0-0-0 13. 0-0-0 Nb6 14. Qb3 Ne4 15. Nxe4 fxe4 16. Nd2 f5 17. g3 g6 18. Nc4 Nxc4 19. Qxc4 Rd6 20. d5 Rhd8 21. Rd4 Rb6 22. Rhd1 a6 23. d6 Rbxd6 24. Rxd6 Rxd6 25. Rxd6 Qxd6 26. Qg8+ Qd8 27. Qxh7 Qe8 28. h5 gxh5 29. Qxf5+ Kb8 30. a3 Ka8 31. Kb1 Kb8 32. f3 exf3 33. Qxf3 Qe5 34. e4 Qd4 35. Qxh5 Qxe4 36. g4 Qe1+ 37. Ka2 Qe2 38. Qf5 a5 39. a4 Qg2 40. g5 b6 41. g6 Kb7 42. c4 Ka7 43. Qf7 Qc6 44. b3 Qd6 45. Qg7 Kb7 46. Qh6 Qg3 47. g7 Qf2+ 48. Kb1 Qf5+ 49. Kc1 Qf1+ 50. Kc2 Qf5+ 51. Kd2 Qf2+ 52. Kd3 Qg3+ 53. Ke4 Qg4+ 54. Ke5 Qg3+ 55. Kf6 Qf3+ 56. Kg6 Qe4+ 57. Kf7 Qf5+ 58. Qf6 Qd7+ 59. Kf8 Qc8+ 60. Ke7 Qg4 61. Kf7 Qd7+ 62. Kg6 Qg4+ 63. Kh7 Qh5+ 64. Qh6 Qf5+ 65. Kh8 Qe5 66. Qh1+ Ka7 67. Qd5 Qh2+ 68. Kg8 Qf4 69. c5 Qg3 70. cxb6+ cxb6 71. Qd7+ Ka6 72. Qf7 Qg4 73. Qc4+ 1-0

[Event "Olomouc Agentura 64 Cup"]
[Site "Olomouc"]
[Date "2006.08.06"]
[Round "7.2"]
[White "Parligras, Cosmin"]
[Black "Fiala, Jiri"]
[Result "1/2-1/2"]
[WhiteElo "2232"]
[BlackElo "2102"]
[PlyCount "155"]
[EventDate "2006.08.02"]
[EventType "tourn"]
[EventRounds "9"]
[EventCountry "CZE"]
[SourceTitle "CBM 113 Extra"]
[Source "ChessBase"]
[SourceDate "2006.09.14"]
[SourceVersion "1"]
[SourceVersionDate "2006.09.14"]
[SourceQuality "1"]

1. b3 b6 2. Nf3 Nf6 3. c4 e6 4. g3 Bb7 5. Bg2 Be7 6. Bb2 0-0 7. 0-0 d6 8. Qc2 Be4 9. d3 Bb7 10. Nc3 Nbd7 11. e4 c5 12. d4 Qc7 13. Rfe1 cxd4 14. Nb5 Qb8 15. Nbxd4 Re8 16. Rad1 Ne5 17. Nxe5 dxe5 18. Nb5 a6 19. Nc3 Qc7 20. Qc1 h6 21. Ba3 Bxa3 22. Qxa3 Red8 23. f3 Rxd1 24. Rxd1 Rd8 25. Rxd8+ Qxd8 26. Qc1 Qd4+ 27. Kf1 Qd3+ 28. Ke1 Qd8 29. Qd2 Qc7 30. Bf1 Bc8 31. b4 Bb7 32. Be2 Nd7 33. Qd3 Bc6 34. a3 a5 35. Kd2 axb4 36. axb4 Kh8 37. Kc2 Kg8 38. Kb2 Kh8 39. Bd1 Kg8 40. Bb3 Kf8 41. Ba4 Ke7 42. Bxc6 Qxc6 43. Kb3 f6 44. Nb5 g6 45. Qd2 g5 46. Qg2 Nb8 47. Qd2 f5 48. Qd3 fxe4 49. Qxe4 Qxe4 50. fxe4 Nc6 51. Kc3 g4 52. c5 bxc5 53. bxc5 Kd7 54. Nd6 Nd4 55. Nf7 Nf3 56. Nxh6 Nxh2 57. Nf7 Nf1 58. Nxe5+ Kc7 59. Nxg4 Nxg3 60. Kd4 Kc6 61. Ne5+ Kc7 62. Nc4 Kc6 63. Na5+ Kb5 64. c6 Kb6 65. Ke5 Kc7 66. Kf4 Ne2+ 67. Kg5 Nc3 68. e5 Nd5 69. Kg6 Kb6 70. Kf7 Kxa5 71. Kxe6 Nc7+ 72. Kd6 Kb6 73. Kd7 Nd5 74. e6 Nf6+ 75. Ke7 Nd5+ 76. Kd7 Nf6+ 77. Kd6 Ne8+ 78. Ke7 1/2-1/2

[Event "CZE-chT2e 0506"]
[Site "Czech Republic"]
[Date "2005.11.06"]
[Round "2.8"]
[White "Hrabal, Michal"]
[Black "Fiala, Jiri"]
[Result "0-1"]
[WhiteElo "1849"]
[BlackElo "2119"]
[PlyCount "74"]
[EventDate "2005.10.16"]
[EventType "team"]
[EventRounds "11"]
[EventCountry "CZE"]
[SourceTitle "EXT 2008"]
[Source "ChessBase"]
[SourceDate "2007.11.25"]
[SourceVersion "1"]
[SourceVersionDate "2007.11.25"]
[SourceQuality "1"]

1. e4 c5 2. f4 e6 3. Nf3 Nc6 4. Bb5 a6 5. Bxc6 bxc6 6. 0-0 d5 7. d3 Be7 8. Ne5 Qc7 9. Qg4 Bf6 10. Nd2 h5 11. Qf3 Ne7 12. Nxf7 Kxf7 13. e5 Nf5 14. exf6 gxf6 15. Nb3 Qd6 16. c4 a5 17. cxd5 cxd5 18. a4 Qb6 19. Nd2 Ba6 20. Kh1 Rag8 21. Rf2 Nd4 22. Qh3 Nf5 23. Ra3 c4 24. Rf1 h4 25. dxc4 Ng3+ 26. hxg3 hxg3 27. Rxg3 Rxh3+ 28. Rxh3 dxc4 29. Ne4 c3 30. Rd1 Rd8 31. Rxd8 Qxd8 32. Rxc3 Bb7 33. Nc5 Qd1+ 34. Kh2 Bd5 35. Nd3 Qg4 36. Rc2 Qh5+ 37. Kg1 Qd1+ 0-1